| 000 | 00625nam a22001937a 4500 | ||
|---|---|---|---|
| 999 |
_c172701 _d172701 |
||
| 005 | 20200211125513.0 | ||
| 010 | _aENG-127684 | ||
| 020 |
_c950.00 _a9788173056048 |
||
| 035 | _aEN-111216 | ||
| 037 | _bDBAD/PUB | ||
| 082 | _a954.01 | ||
| 100 | _aElst,Koenraad | ||
| 245 |
_aStill no Trace of an aryan Inuasion: _bby Koenroad Elst _ca collection on indo-European origins/ |
||
| 260 |
_aNew Delhi _bArryan Books International _c2018 |
||
| 270 |
_bNew Delhi _a4B, Ansari road _e110002 _maryanbooks@gmail.com |
||
| 300 |
_ax;465p. _b23cm(hb) |
||
| 500 | _aincludes index | ||
| 942 |
_2ddc _cEN _h954.01 _mELS |
||